000 00631nam a2200205Ia 4500
008 191130s2007##################000#0#eng##
020 _a9780060587239
040 _aACL
_cACL
082 _a614.59200951 GRE
100 _aGreenfeld, Karl Taro
245 _aChina syndrome: the true story of the 21st century's first great epidemic
_cKarl Taro Greenfeld
250 _a1st ed
260 _aNew York
_bHarper Perennial
_c2007
300 _axx, 442 p
500 _aIncludes bibliographical references and index
650 _aSARS (Disease)
990 _a20b1b39dac10000c20df75ba2a927362
991 _a46627
999 _c249946
_d249946